00356nam a2200121Ia 45000030006000000080041000060400015000471000022000622450090000842600031001745460012002050050017002170STCL150530s9999 xx 000 0 und d aSTCLcSTCL aSrinivasa Rao, H. aAnatomical and taxonomic studies of some Indian fresh water and amphibious gastropods bGovernment of Madrasc1926 aEnglish20220125170457.0